Statistics for Countries with an English Speaking Population of at least 85%

Click here to take the quiz!

General Stats

  • This quiz has been taken 218 times
    (100 since last reset)
  • The average score is 13 of 20

Answer Stats

Hint Answer % Correct
94.20%United States of America
100%
97.74%United Kingdom
99%
85.63%Canada
96%
97.03%Australia
95%
97.82%New Zealand
94%
98.37%Ireland
90%
97.64%Jamaica
75%
87.13%Bahamas
70%
98.57%Barbados
65%
87.74%Trinidad and Tobago
62%
90.55%Guyana
61%
95.00%Saint Vincent and the Grenadines
56%
90.91%Grenada
54%
94.03%Dominica
51%
90.00%Netherlands
48%
86.00%Sweden
46%
86.00%Denmark
41%
89.00%Malta
34%
92.50%Palau
27%
87.09%Suriname
25%

Score Distribution

Percentile by Number Answered

Percent of People with Each Score

Your Score History

You have not taken this quiz since the last reset